| 000 | 00682 a2200229 4500 | ||
|---|---|---|---|
| 001 | 121412 | ||
| 040 | _cEscola Canadense de Niteroi | ||
| 090 | _aSIL | ||
| 100 | _aSilva, Paulo Victor Quintela Lima | ||
| 245 | 1 | 0 | _aEntre gols e impedimentos: análise histórica do jogo Fifa |
| 250 | _a1st. ed. | ||
| 260 | _aNiterói | ||
| 362 | 0 | _a2017 | |
| 490 | 0 | _aMonografias da Escola Canadense de Niterói | |
| 520 | _aArtigo científico apresentado como parte integrante do projeto de monografia da Escola Canadense de Niterói. | ||
| 650 | 4 | _aFutebol | |
| 650 | 4 | _aMonografias | |
| 650 | 4 | _aGames | |
| 650 | 4 | _aVideo Games | |
| 650 | 4 | _aJogos de Computador | |
| 942 | _cBK | ||
| 999 |
_c121412 _d121412 |
||